000 00583nam a2200205Ia 4500
005 20250508170005.0
008 008 250505s9999 xx 000 0 eng d
020 _a978-1-138-68873-5
037 _aTextBook
040 _aFEDL
_beng
_cFEDL
041 _aeng
_2eng
084 _a150.19, WAL/R
_qFEDL
100 _aWalker Gavin Ed.
_9718307
245 0 _aJung and sociological theory: Readings and appraisal
260 _aLondon, UK
_bRoutledge
_c2018
300 _avi, 223p.
365 _aGBP
_b29.99
942 _cTB
_h150.19, WAL/R
999 _c1398561
_d1398561